000 01757cam a22004574i 4500
003 PE-LiUPU
005 20250731172855.0
008 160822s r 000 0 spa d
020 _a8422014459
020 _a9788422014454
035 _a(Sirsi) a163062
040 _aPE-LiUPU
_bspa
_cPE-LiUPU
_erda
041 1 _hlat
_aspa
049 _aPRUA
082 0 4 _a220
_bE6
_220
245 _aEnquiridion bíblico :
_b documentos de la Iglesia sobre la Sagrada Escritura /
_cedición española preparada por Carlos Granados y Luis Sánchez Navarro.
264 _aMadrid :
_b Biblioteca de Autores Cristianos,
_c2010.
300 _axxvii, 1806 páginas ;
_c20 centímetros.
336 _atext
_2rdacontent
337 _aunmediated
_2rdamed
338 _avolume
_2rdacarrier
490 0 _aBiblioteca de autores cristianos;
_v691
504 _aÍndice : páginas 1779-1806.
505 0 _aCanon de Muratori -- Concilio de Laodicea -- Antiguos estatuos de la Iglesia -- Concilio de Vienne -- Sobre la autenticidad de mosaica del pentateuco -- Sobre el cuarto evangelio -- Sobre la carta de Hebreos -- La verdad histórica de los evangelios -- La revelación divina -- Sagrada escritura y cristología.
526 _aSEG42
526 _aSEG41
526 _aSEG40
526 _aSEG39
526 _aP94
526 _aP87
526 _aP86
526 _aP85
526 _aP77
526 _aP76
526 _aP35
910 _ajck
_bncf
_cncf
_d20160822
596 _a1
942 _2ddc
_cBOOK
999 _a220 E6
_wDEWEY
_c11974
_i69494
_f2021-11-9
_g5
_lCCODEBUL1
_mBUL
_p73.04
_r0
_sY
_tBOOK
_u2016-8-22
_xTEOLOGIA
_PP35
_0COMPRA
_o.STAFF. Colección General
_d11974
980 _81
_gALBERTO SANCHEZ Responsable de Automatización